Ética profesional del abogado debates y tensiones /

Detalles Bibliográficos
Autor principal: Jaramillo Sierra, Isabel C.
Otros Autores: Anzola Rodrg̕uez, Sergio Ivǹ, Montoya Vargas, Juny, Morales de Setiň Ravina, Carlos Francisco
Formato: eBook
Lenguaje:español
Publicado: Bogot:̀ Universidad de Los Andes (Colombia), 2021
Materias:
Acceso en línea:Acceso restringido

MARC

LEADER 00000nam a22000007a 4500
005 20221101002813.0
007 cr|||| |||
008 221101s2021 co |||||s|||| 00||0 spa d
020 |a 978-958-798-142-1 
035 |a 37438 
040 |a vLex 
090 |c 14075  |d 14075 
100 1 |a Jaramillo Sierra, Isabel C. 
245 1 0 |a Ética profesional del abogado  |h [Recurso electrn̤ico] :  |b debates y tensiones /  |c Isabel C. Jaramillo Sierra, Sergio Ivǹ Anzola Rodrg̕uez, Juny Montoya Vargas, Carlos Francisco Morales de Setiň Ravina 
256 |a Servicio en ln̕ea 
260 |a Bogot:̀  |b Universidad de Los Andes (Colombia),  |c 2021 
300 |a 1 recurso electrn̤ico 
506 1 |a Disponible solo en los productos indicados  |d vLex Global  |d vLex Global (Academic Edition, excluding Law Schools)  |d vLex Global (U.S. Academic Edition, Law Schools)  |d vLex Global (U.S. Academic Edition, excluding Law Schools)  |d vLex Global (Academic Edition, Law Schools) 
650 0 4 |a Abogados  |z Colombia 
700 1 |a Anzola Rodrg̕uez, Sergio Ivǹ 
700 1 |a Montoya Vargas, Juny 
700 1 |a Morales de Setiň Ravina, Carlos Francisco 
740 0 |a vLex Libros (Servicio en ln̕ea) 
856 4 0 |u https://app.vlex.com/#/sources/37438  |z Acceso restringido 
942 |c BOOK 
999 0 |a Lawyers